00787 2200265 4500001002100000005001500021035002500036090002100061090002200082245008600104260003900190300003000229007000300259008004100262040001700303082001500320084001700335100003600352250003100388650002400419850001200443999002200455990002200477990002200499YOGYA00000000008681220221221014132 a0010-081400000086529 aDEP 297.18 IMA a aCB-D.11 2011-237310aAbunawas menang melawan gajah :bkisah-kisah teladan buat anakku /cImam Musbikin3 aYogyakarta :bMitra Pustaka,c2011 axiv, 426 halaman :b21 cmta131205r20112005yoi g 0 0 ind d aYOPDYOGbind04223a297.18 a297.18 IMA a0 aImam Musbikind1977-ePengarang aCetakan keempat, Juli 2011 4aCerita-cerita Islam aYOPDYOG aCB-D.11/2011-2373 aCB-D.11/2011-2373 aCB-D.11/2011-2373